000 01827nam0a2200313 4500
001 RU\NLR\BIBL_A\012149027
005 20260607070624.0
010 _a978-5-7389-2940-3
_9100
021 _aRU
_bКН-П-19-081874
_9КН-П-19-5954
035 _a(NLR Aleph) 012149027
035 _a(RuMoRGB)010140018
090 _a12138294
_c12138294
100 _a20191129d2019 u y0rusy50 ca
101 0 _arus
102 _aRU
105 _ay|||j|||000zy
200 1 _aЖанровые модификации в творчестве Бориса Пильняка
_eучебное пособие
_e[для направления подготовки бакалавров 42.03.02 "Журналистика"]
_fЕ.С. Бабкина
_gМинистерство науки и высшего образования Российской Федерации, Федеральное государственное бюджетное образовательное учреждение высшего образования "Тихоокеанский государственный университет"
210 _aХабаровск
_cИзд-во ТОГУ
_d2019
215 _a168, [1] с.
_d21
320 _aБиблиогр. в подстроч. примеч.
600 1 _aПильняк
_bБ.А.
_f1894 - 1937
_gБорис Андреевич
_jУчебные издания для высших учебных заведений
_91981989
_3RU\NLR\AUTH\66909156
686 1 _aШ5(2=Р)7-4Пильняк
700 1 _aБабкина
_bЕ. С.
_gЕкатерина Сергеевна
702 1 _4570
_8rus
_7ca
_aПильняк
_bБ. А.
_f1894-1938
_gБорис Андреевич
_3RU\NLR\AUTH\7715661
_9125309
942 _cBOOK
980 _aNBR
980 _aNB